Ceiling collapse tests the limits of insurance policy's liability (Record no. 117539)
[ view plain ]
| 000 -LEADER | |
|---|---|
| fixed length control field | 01302cam a2200301 4500 |
| 001 - CONTROL NUMBER | |
| control field | ABS67940 |
| 008 - FIXED-LENGTH DATA ELEMENTS--GENERAL INFORMATION | |
| fixed length control field | 040617n2004 000 0 eng u |
| 035 ## - SYSTEM CONTROL NUMBER | |
| System control number | (Sirsi) u126504 |
| 100 ## - MAIN ENTRY--PERSONAL NAME | |
| Personal name | Franklin, K. |
| 245 ## - TITLE STATEMENT | |
| Title | Ceiling collapse tests the limits of insurance policy's liability |
| 260 ## - PUBLICATION, DISTRIBUTION, ETC. | |
| Date of publication, distribution, etc. | 2004 |
| 490 ## - SERIES STATEMENT | |
| Series statement | Architects' Journal |
| Volume/sequential designation | 219(20) 20 May 2004, 46(1) |
| 520 ## - SUMMARY, ETC. | |
| Summary, etc. | Discusses "Horbury Building Systems Ltd v Hampden Insurance NV" ([2004] EWCA Civ 418; [2004] 2 All ER (D) 124 (Apr)) where it was held that an insurer was not liable to indemnify an insured contractor in respect of loss of profit arising from the closure of an entire cinema complex. The ceiling had collapsed in a single auditorium, but the policy only covered liability for the physical consequences of the damage in the auditorium and the economic losses caused by that physical damage. |
| 590 ## - LOCAL NOTE (RLIN) | |
| Local note | ABS |
| 590 ## - LOCAL NOTE (RLIN) | |
| Local note | ABS |
| 650 ## - SUBJECT ADDED ENTRY--TOPICAL TERM | |
| Topical term or geographic name entry element | HORBURY BUILDING SYSTEMS LTD V HAMPDEN INSURANCE NV |
| 650 ## - SUBJECT ADDED ENTRY--TOPICAL TERM | |
| Topical term or geographic name entry element | BUILDING CONTRACTORS |
| 650 ## - SUBJECT ADDED ENTRY--TOPICAL TERM | |
| Topical term or geographic name entry element | CEILINGS |
| 650 ## - SUBJECT ADDED ENTRY--TOPICAL TERM | |
| Topical term or geographic name entry element | CINEMAS |
| 650 ## - SUBJECT ADDED ENTRY--TOPICAL TERM | |
| Topical term or geographic name entry element | INDEMNITY CLAUSES |
| 650 ## - SUBJECT ADDED ENTRY--TOPICAL TERM | |
| Topical term or geographic name entry element | AUDITORIA |
| 650 ## - SUBJECT ADDED ENTRY--TOPICAL TERM | |
| Topical term or geographic name entry element | INSURANCE POLICIES |
| 650 ## - SUBJECT ADDED ENTRY--TOPICAL TERM | |
| Topical term or geographic name entry element | LOSS OF PROFITS |
| 650 ## - SUBJECT ADDED ENTRY--TOPICAL TERM | |
| Topical term or geographic name entry element | LIABILITIES |
| 650 ## - SUBJECT ADDED ENTRY--TOPICAL TERM | |
| Topical term or geographic name entry element | DAMAGE TO PROPERTY |
| 690 ## - LOCAL SUBJECT ADDED ENTRY--TOPICAL TERM (OCLC, RLIN) | |
| Topical term or geographic name as entry element | INSURANCE-CASE LAW |
| 942 ## - ADDED ENTRY ELEMENTS (KOHA) | |
| Suppress in OPAC | 0 |
| Withdrawn status | Lost status | Source of classification or shelving scheme | Damaged status | Not for loan | Home library | Current library | Shelving location | Date acquired | Total Checkouts | Full call number | Barcode | Date last seen | Copy number | Price effective from | Koha item type |
|---|---|---|---|---|---|---|---|---|---|---|---|---|---|---|---|
| Dewey Decimal Classification | London | London | Journal article | 17/06/2004 | ABS67940 | 126504-1001 | 06/08/2019 | 1 | 06/08/2019 | Journal article |